000
00370nam a22001577a 4500
003
MPLRDC
005
20220104123618.0
008
210129b ||||| |||| 00| 0 eng d
082
_a
220.7 SSFFS
100
_a
释圣法法师
245
_a
佛学常识问答
_c
260
_a
_b
慈光寺
_c
1988
300
_b
平
650
_a
佛教杂论
942
_c
BK
_o
220.7 SSFFS
999
_c
12785
_d
12775